INTRODUCTION TO MANAGEMENT ACCOUNTING (Record no. 9159)
[ view plain ]
| 000 -LEADER | |
|---|---|
| fixed length control field | 00628nam a22001697a 4500 |
| 003 - CONTROL NUMBER IDENTIFIER | |
| control field | SGT |
| 020 ## - INTERNATIONAL STANDARD BOOK NUMBER | |
| International Standard Book Number | 9789332518261 |
| 082 ## - DEWEY DECIMAL CLASSIFICATION NUMBER | |
| Classification number | 358.1511,HOR |
| 100 ## - MAIN ENTRY--PERSONAL NAME | |
| Personal name | HORNGREN,CHARLES T |
| 245 ## - TITLE STATEMENT | |
| Title | INTRODUCTION TO MANAGEMENT ACCOUNTING |
| 250 ## - EDITION STATEMENT | |
| Edition statement | 16TH |
| 260 ## - PUBLICATION, DISTRIBUTION, ETC. (IMPRINT) | |
| Place of publication, distribution, etc | NEW DELHI |
| Name of publisher, distributor, etc | PEARSON |
| Year of Publication | 2014 |
| 300 ## - PAGE DESCRIPTION | |
| No. of Pages | 767 |
| 650 ## - SUBJECT ADDED ENTRY--TOPICAL TERM | |
| Topical term or geographic name as entry element | MANAGEMENT ACCOUNTING |
| 653 ## - KEYWORDS--INDEX TERM | |
| Keyword term | MANAGEMENT ACCOUNTING, THE BUSINESS ORGANIZATION AND PROFESSIONAL ETHICS, INTRODUCTION TO CAST BEHAVIOR, COST MANAGEMENT SYSTEMS, RELEVENT INFORMATION FOR DECISION MAKING WITH A FOCUS ON PRICING DECISIONS, FLEXIBLE BUDGETS AND VARIANCE ANALYSIS |
| 942 ## - ADDED ENTRY ELEMENTS (KOHA) | |
| Source of classification or shelving scheme | Dewey Decimal Classification |
| Koha item type | FCM Books |
| Withdrawn status | Lost status | Source of classification or shelving scheme | Damaged status | Not for loan | Collection code | Home library | Current library | Shelving location | Date acquired | Vendor Name | Cost, normal purchase price | SGTU | Bill Number | Total Checkouts | Full call number | Accession No. (Barcode) | Date last seen | Date last borrowed | Bill Date | Koha item type |
|---|---|---|---|---|---|---|---|---|---|---|---|---|---|---|---|---|---|---|---|---|
| Dewey Decimal Classification | COMMERCE MANAGEMENT | SGT Science & Social Sciences Library | SGT Science & Social Sciences Library | On Display | 20/06/2016 | KIRTI PRAKASHAN | 875.00 | SGTU | 2705 | 2 | 358.1511,HOR | CM822 | 29/08/2018 | 10/08/2018 | 14/08/2015 | FCM Books | ||||
| Dewey Decimal Classification | Not For Loan | COMMERCE MANAGEMENT | SGT Science & Social Sciences Library | SGT Science & Social Sciences Library | Reference Book | 20/06/2016 | KIRTI PRAKASHAN | 875.00 | SGTU | 2705 | 358.1511,HOR | CM823 | 20/06/2016 | 14/08/2015 | FCM Books | |||||
| Dewey Decimal Classification | COMMERCE MANAGEMENT | SGT Science & Social Sciences Library | SGT Science & Social Sciences Library | On Display | 20/06/2016 | KIRTI PRAKASHAN | 875.00 | SGTU | 2705 | 1 | 358.1511,HOR | CM824 | 29/11/2017 | 15/11/2017 | 14/08/2015 | FCM Books |